The noble scholar, jurist, historian


 His Excellency Dr. Abdul Wahhab bin Ibrahim Abu Sulaiman, may Allah have mercy on him.


 He was born in Umm Al-Qura in the year 1356 AH.

المقارنات التشريعية : (Record no. 10425)

MARC details
000 -LEADER
fixed length control field 01514cam a2200313 i 4500
003 - CONTROL NUMBER IDENTIFIER
control field SA-RiAUC
005 - DATE AND TIME OF LATEST TRANSACTION
control field 20250801144041.0
008 - FIXED-LENGTH DATA ELEMENTS--GENERAL INFORMATION
fixed length control field 250731s1999 ua g 00010 ara c
040 ## - CATALOGING SOURCE
Original cataloging agency SA-JeALM
Language of cataloging ara
Transcribing agency SA-RiAUC
Description conventions rda
043 ## - GEOGRAPHIC AREA CODE
Geographic area code e-fr---
082 04 - DEWEY DECIMAL CLASSIFICATION NUMBER
Classification number 258.2
Assigning agency SA-RiAUC
090 ## - LOCALLY ASSIGNED LC-TYPE CALL NUMBER (OCLC); LOCAL CALL NUMBER (RLIN)
Classification number (OCLC) (R) ; Classification number, CALL (RLIN) (NR) 258.2
Local cutter number (OCLC) ; Book number/undivided call number, CALL (RLIN) م ن ي
100 1# - MAIN ENTRY--PERSONAL NAME
Personal name المنياوي، مخلوف بن محمد البدوي،
Dates associated with a name توفي 1295 هجري
Relator term مؤلف.
245 12 - TITLE STATEMENT
Title المقارنات التشريعية :
Remainder of title تطبيق القانون المدني والجنائي على مذهب الإمام مالك.
Statement of responsibility, etc. تأليف مخلوف بن محمد البدوي المنياوي ؛ دراسة وتحقيق محمد أحمد سراج، علي جمعة محمد.
Number of part/section of a work المجلد الأول /
250 ## - EDITION STATEMENT
Edition statement الطبعة الأولى.
264 #1 - PRODUCTION, PUBLICATION, DISTRIBUTION, MANUFACTURE, AND COPYRIGHT NOTICE
Place of production, publication, distribution, manufacture القاهرة :
Name of producer, publisher, distributor, manufacturer دار السلام للطباعة والنشر والتوزيع والترجمة،
Date of production, publication, distribution, manufacture, or copyright notice 1999
300 ## - PHYSICAL DESCRIPTION
Extent مجلد ؛
Dimensions 24 سم
336 ## - CONTENT TYPE
Content type term نص
Content type code txt
Source rdacontent
Materials specified كتاب
337 ## - MEDIA TYPE
Media type term بدون وسيط
Media type code n
Source rdamedia
338 ## - CARRIER TYPE
Carrier type term مجلد
Carrier type code nc
Source rdacarrier
500 ## - GENERAL NOTE
General note اهداء من عادل الى الشيخ رحمه الله
650 #7 - SUBJECT ADDED ENTRY--TOPICAL TERM
Topical term or geographic name entry element الفقه المالكي
Source of heading or term aucsh
650 #7 - SUBJECT ADDED ENTRY--TOPICAL TERM
Topical term or geographic name entry element القانون المدني
Geographic subdivision فرنسا
Source of heading or term aucsh
650 #7 - SUBJECT ADDED ENTRY--TOPICAL TERM
Topical term or geographic name entry element القانون الجنائي
Geographic subdivision فرنسا
Source of heading or term aucsh
700 1# - ADDED ENTRY--PERSONAL NAME
Personal name سراج، محمد أحمد
Relator term محقق.
700 1# - ADDED ENTRY--PERSONAL NAME
Personal name جمعة، علي،
Dates associated with a name 1952-
Relator term محقق.
942 ## - ADDED ENTRY ELEMENTS (KOHA)
Source of classification or shelving scheme Dewey Decimal Classification
Koha item type Books
Suppress in OPAC No
949 ## - LOCAL PROCESSING INFORMATION (OCLC)
a SA-JeALM
d 250731
u osman123
n 1
Holdings
Withdrawn status Lost status Source of classification or shelving scheme Materials specified (bound volume or other part) Damaged status Not for loan Collection Home library Current library Date acquired Total checkouts Full call number Barcode Date last seen Price effective from Koha item type
    Dewey Decimal Classification المجلد الاول     اهداء DR AbdElwahab Library DR AbdElwahab Library 08/01/2025   258.2 م ن ي 000016981 08/01/2025 08/01/2025 Books
    Dewey Decimal Classification المجلد الثاني     اهداء DR AbdElwahab Library DR AbdElwahab Library 08/01/2025   258.2 م ن ي 000016982 08/01/2025 08/01/2025 Books